| 000 | 00725cam a2200241 a 4500 | ||
|---|---|---|---|
| 999 |
_c4458 _d4458 |
||
| 001 | 3788816 | ||
| 003 | GBCCL | ||
| 005 | 20241126110519.0 | ||
| 008 | 850717s1985 ilu 000 0 eng | ||
| 010 | _a 84052040 | ||
| 020 | _a0896933210 (pbk.) | ||
| 040 |
_aDLC _cDLC _dDLC |
||
| 050 | 0 | 0 | _aBS2785.2.E93 1985 |
| 082 | 0 | 0 |
_a227.9106 _219 _bEVA |
| 100 | 1 |
_aEvans, Colleen Townsend. _98326 |
|
| 245 | 1 | 0 |
_aLiving true / _cColleen Evans. |
| 260 |
_aWheaton, Ill. : _bVictor Books, _cc1985. |
||
| 300 |
_a156 p. ; _c21 cm. |
||
| 630 | 0 | 0 |
_aBible. _pJames _xCriticism, interpretation, etc. _97077 |
| 650 | 0 |
_aChristian life _xBiblical teaching. _91788 |
|
| 906 |
_a7 _bcbc _corignew _d3 _eocip _f19 _gy-gencatlg |
||
| 942 |
_2ddc _cBK _06 |
||